| Tag |
First Indicator |
Second Indicator |
Subfields |
| LEADER |
00000cam a2200000 4500 |
| 001 |
in00000012609 |
| 005 |
20191105114950.0 |
| 008 |
710520s1971 inu 000 0 eng |
| 010 |
|
|
|a 77134465
|
| 035 |
|
|
|a (OCoLC)ocm00141476
|
| 035 |
|
|
|a (OCoLC)00141476
|
| 035 |
|
|
|9 AAA5183AM
|
| 040 |
|
|
|a DLC
|b eng
|c DLC
|d XY4
|d STF
|d OTP
|d DEBBG
|d COD
|d OCLCQ
|d CHVBK
|d OCLCO
|d OCLCF
|d UMK
|d OCLCO
|
| 029 |
1 |
|
|a AU@
|b 000000218580
|
| 029 |
1 |
|
|a CHBIS
|b 005968379
|
| 029 |
1 |
|
|a DEBBG
|b BV007240308
|
| 029 |
1 |
|
|a CHVBK
|b 436023881
|
| 035 |
|
|
|a (OCoLC)141476
|
| 049 |
|
|
|a TXAM
|c [A11482238]
|
| 050 |
0 |
0 |
|a PS3552.E7
|b D3
|
| 082 |
0 |
0 |
|a 811/.5/4
|
| 084 |
|
|
|a HU 9800
|2 rvk
|
| 049 |
|
|
|a TXAM
|
| 100 |
1 |
|
|a Berg, Stephen,
|d 1934-2014.
|
| 245 |
1 |
4 |
|a The daughters;
|b poems.
|
| 260 |
|
|
|a Indianapolis,
|b Bobbs-Merrill
|c [1971]
|
| 300 |
|
|
|a 160 pages ;
|c 21 cm
|
| 336 |
|
|
|a text
|b txt
|2 rdacontent
|
| 337 |
|
|
|a unmediated
|b n
|2 rdamedia
|
| 338 |
|
|
|a volume
|b nc
|2 rdacarrier
|
| 505 |
0 |
|
|a Entering the body -- "We exist" -- It'll be much easier when the dead -- Rising without names today -- Will anyone love me if my dreams -- Man -- Suddenly I remember the holes -- They can tell me the soul rises to its perch -- Predict? Ask yourself why? Nibble a cheese sandwich? Know? -- Everyone is glad when the doors wheeze open and their feet -- Once I knew, nothing in the leaf could see me -- I look up from the bottom -- Soldiers keep a few important papers -- He comes -- I'm a pig, I'm a seagull -- In the monument works -- Desnos reading the palms of men on their way to the gas chambers -- Morning -- Everywhere -- Shoes -- Sleep -- Milk -- In the middle -- Going upstairs to bed -- People trying to love -- Dreaming with a friend -- To my friends -- Wife talks to herself -- Ollie, answer me -- Eloise Simpson visits the east -- Unnamed shapes -- Uncle Will, the gardener -- In the blood -- Above all cattle -- Between us -- Fragment 122, Heraclitus -- For the hole -- Father invisible -- And so on -- In bed with Millie -- As the days pass and darken -- Mother political -- On the steps -- William Carlos Williams reading his poems -- For the ghost of Li Po -- Good -- Crutches -- Gooseberries -- Heartache -- Kiss -- Late night conversation -- After too much TV -- Letter from a close friend -- Sister Ann -- Times -- May 1970 -- Justice -- What happens -- Nick's photograph of Jeff, me and Arlene -- Charlie's photograph of Millie -- Wanting to be heavier -- Second birth -- On the handle of the whip -- Exterminator on school -- Away from the ocean -- Return of black shag -- Who's next -- Not Kafka -- Glimpse of the body shop -- Directions for being Jesus -- Dark lords who wait until the children exhaust themselves -- Queen's triangle.
|
| 650 |
|
0 |
|a Children
|v Poetry.
|
| 650 |
|
0 |
|a Literature, Modern
|v Stories, plots, etc.
|
| 650 |
|
0 |
|a Literature, Modern
|x History and criticism
|v Bibliography.
|
| 650 |
|
0 |
|a Literature, Modern
|y 20th century
|x History and criticism.
|
| 650 |
|
0 |
|a Parent and child
|v Poetry.
|
| 650 |
|
7 |
|a Children.
|2 fast
|0 (OCoLC)fst00854835
|
| 650 |
|
7 |
|a Literature, Modern.
|2 fast
|0 (OCoLC)fst01000172
|
| 650 |
|
7 |
|a Parent and child.
|2 fast
|0 (OCoLC)fst01053308
|
| 648 |
|
7 |
|a 1900-1999
|2 fast
|
| 655 |
|
7 |
|a Bibliography.
|2 fast
|0 (OCoLC)fst01423717
|
| 655 |
|
7 |
|a Criticism, interpretation, etc.
|2 fast
|0 (OCoLC)fst01411635
|
| 655 |
|
7 |
|a Poetry.
|2 fast
|0 (OCoLC)fst01423828
|
| 655 |
|
7 |
|a Stories, plots, etc.
|2 fast
|0 (OCoLC)fst01423908
|
| 655 |
|
7 |
|a Poetry.
|2 lcgft
|
| 776 |
0 |
8 |
|i Online version:
|a Berg, Stephen.
|t Daughters.
|d Indianapolis, Bobbs-Merrill [1971]
|w (OCoLC)693215616
|
| 994 |
|
|
|a C0
|b TXA
|
| 999 |
f |
f |
|s 92572ecf-1018-36b9-827c-6d11c3d624e5
|i 05bc7554-07fe-353b-87ae-15a99fd6c2d4
|t 0
|
| 952 |
f |
f |
|p ric
|a Texas A&M University
|b Rellis Campus
|c Joint Library Facility
|d Remote Storage
|t 0
|e PS3552.E7 D3
|h Library of Congress classification
|i unmediated -- volume
|m A14811482238
|
| 998 |
f |
f |
|a PS3552.E7 D3
|t 0
|l Remote Storage
|